V novej poisťovni ostávajú staré záväzky

Pôvodní klienti Allianz poisťovne a Slovenskej poisťovne sa nemusia obávať drastických zmien v poistných zmluvách po vytvorení Allianz - Slovenská poisťovňa (ASP), a.s. Bratislava. Niekoľko stotisíc poistiek neprináša ASP žiadny zisk. Stratové poistky sa objavujú aj v oblasti neživotného poistenia (...

ver descrição completa

Na minha lista:
Detalhes bibliográficos
Autor principal: Záborský, Ján
Formato: Capítulo de Livro
Idioma:eslovaco
Assuntos:
Tags: Adicionar Tag
Sem tags, seja o primeiro a adicionar uma tag!

MARC

LEADER 00000naa a2200000 4500
001 r047725
005 20230921114712.2
041 0 |a slo 
044 |a SK 
245 1 0 |a V novej poisťovni ostávajú staré záväzky  |c Ján Záborský 
520 |a Pôvodní klienti Allianz poisťovne a Slovenskej poisťovne sa nemusia obávať drastických zmien v poistných zmluvách po vytvorení Allianz - Slovenská poisťovňa (ASP), a.s. Bratislava. Niekoľko stotisíc poistiek neprináša ASP žiadny zisk. Stratové poistky sa objavujú aj v oblasti neživotného poistenia (poistenie domácností). Poľnohospodári musia do budúcnosti počítať s miernym rastom poistného. ASP sa aktívne nezaisťuje. 
610 2 0 |a poisťovne 
610 2 0 |a poistenie neživotné 
610 2 0 |a poistenie životné 
610 2 0 |a strata 
610 2 0 |a klienti 
610 2 0 |a zmluvy poistné 
610 2 0 |a zaistenie 
610 2 0 |a fúzie 
610 2 0 |a Allianz Slovenská poisťovňa 
100 1 |a Záborský, Ján